<The> Risk Associated With the Replacement of Traditional Budget With Performance Budgeting in the Public Finance Sector Management
Poukázanie na to, že náhrada tradičného rozpočtu rozpočtom výkonnosti je vo verejnej správe žiadúci. To by viedlo k zlepšeniu kvality štátu a ako nástroj by umožnil účinne monitorovať a vyhodnocovať výsledky a účinnosti správcov rozpočtových fondov.
Salvato in:
| Autore principale: | |
|---|---|
| Altri autori: | |
| Natura: | Capitolo di libro |
| Lingua: | inglese |
| Soggetti: | |
| Tags: |
Nessun Tag, puoi essere il primo ad aggiungerne!!
|
MARC
| LEADER | 00000nla a2200000 4500 | ||
|---|---|---|---|
| 001 | 0247973 | ||
| 005 | 20220803161521.3 | ||
| 041 | 0 | |a eng | |
| 044 | |a SK | ||
| 245 | 1 | 0 | |a <The> Risk Associated With the Replacement of Traditional Budget With Performance Budgeting in the Public Finance Sector Management |c Izabela Emerling, Magdalena Wojcik-Jurkiewicz |
| 520 | |a Poukázanie na to, že náhrada tradičného rozpočtu rozpočtom výkonnosti je vo verejnej správe žiadúci. To by viedlo k zlepšeniu kvality štátu a ako nástroj by umožnil účinne monitorovať a vyhodnocovať výsledky a účinnosti správcov rozpočtových fondov. | ||
| 610 | 2 | 0 | |a financie verejné |
| 610 | 2 | 0 | |a rozpočet štátny |
| 610 | 2 | 0 | |a správa štátna |
| 610 | 2 | 0 | |a správa verejná |
| 610 | 2 | 0 | |a riziko |
| 610 | 2 | 0 | |a výkonnosť |
| 610 | 2 | 0 | |a výkony pracovné |
| 610 | 2 | 0 | |a výkony vnútropodnikové |
| 610 | 2 | 0 | |a rozpočty verejné |
| 100 | 1 | |a Emerling, Izabela | |
| 700 | 1 | |a Wojcik-Jurkiewicz, Magdalena | |